| 000 | 01025cam a22002535a 4500 | ||
|---|---|---|---|
| 001 | L159938 | ||
| 008 | 180409s2018 xxk f 001 0 eng d | ||
| 020 | _a9780727761842 | ||
| 035 | _a(Sirsi) u159938 | ||
| 041 | 0 | _aeng | |
| 050 | 0 | 4 | _aF692.8 |
| 100 | 1 | _aMitchell, Bronwyn | |
| 245 | 0 | 0 |
_aManaging reality _bbook 2 _bprocuring an engineering and construction contract |
| 260 |
_aLondon _bICE Publishing _c2018 |
||
| 300 |
_axvii, 157p . _c30cm. |
||
| 490 | 0 |
_aManaging Reality _v2 |
|
| 520 | _aSecond of a five part volume on managing the Engineering and Construction Contract (ECC) is intended for those who need to know how to procure such a contract. It covers in practical detail the invitations to tender, evaluation of submissions, which option to select, how to complete the Contract Data and how to prepare the Works Information. | ||
| 520 | _aSupersedes 2 ed (ISBN 9780727757203) | ||
| 651 | 4 |
_aUnited Kingdom _y |
|
| 690 |
_aContracts _96232 |
||
| 700 | 1 | _aTrebes, Barry | |
| 856 | 4 | 8 |
_u _z |
| 942 | _n0 | ||
| 999 |
_c116162 _d116162 |
||